Les buteurs de l'Angleterre au Championnat d'Europe de football 2004 - Statistiques

Statistiques générales
  • Ce quiz a été pris 21 fois
  • Le résultat moyen est 8 sur 10
Statistiques - réponses
Match Minute Buteur % Correct
Angleterre - Suisse 3-0 23' Wayne Rooney
100%
Angleterre - Suisse 3-0 72' Wayne Rooney
100%
Croatie - Angleterre 2-4 45+1' Wayne Rooney
100%
Croatie - Angleterre 2-4 68' Wayne Rooney
100%
Portugal - Angleterre 2-2 (a.p.) (6-5 Tirs au but) 3' Michael Owen
84%
France - Angleterre 2-1 38' Frank Lampard
68%
Croatie - Angleterre 2-4 79' Frank Lampard
68%
Portugal - Angleterre 2-2 (a.p.) (6-5 Tirs au but) 115' Frank Lampard
68%
Angleterre - Suisse 3-0 82' Steven Gerrard
68%
Croatie - Angleterre 2-4 40' Paul Scholes
63%
Aucun quiz correspondant
Distribution des résultats
% des personnes avec chaque résultat
Percentile par nombre de réponses
Votre historique - résultats
Vous n’avez pas pris ce quiz